书目信息 |
| 题名: |
《毛泽东思想和中国特色社会主义理论体系概论》笔记和课后习题(含考研真题)详解
|
|
| 作者: | ;圣才考研网 主编 | |
| 分册: | ||
| 出版信息: | 北京 中国石化出版社 2017 |
|
| 页数: | 261页 | |
| 开本: | 26cm | |
| 丛书名: | ||
| 单 册: | ||
| 中图分类: | A84 , D616 | |
| 科图分类: | ||
| 主题词: | 毛泽东思想--硕士生入学考试--升学参考资料 , 中国特色社会主义--硕士生入学考试--升学参考资料 | |
| 电子资源: | ||
| ISBN: | 978-7-5114-4483-7 | |
| 000 | 01233nam0 2200265 450 | |
| 001 | 2360010462 | |
| 005 | 20231215171628.47 | |
| 010 | @a978-7-5114-4483-7@dCNY 52.00 | |
| 100 | @a20171027d2017 em y0chiy0120 ea | |
| 101 | 0 | @achi |
| 102 | @aCN@b110000 | |
| 105 | @ay zq 000yy | |
| 200 | 1 | @a《毛泽东思想和中国特色社会主义理论体系概论》笔记和课后习题(含考研真题)详解@A《 mao ze dong si xiang he zhong guo te se she hui zhu yi li lun ti xi gai lun 》 bi ji he ke hou xi ti ( han kao yan zhen ti ) xiang jie@f圣才考研网主编 |
| 205 | @a2版 | |
| 210 | @a北京@c中国石化出版社@d2017 | |
| 215 | @a261页@d26cm | |
| 300 | @a国内外经典教材辅导系列·政治类/圣才考研网主编 | |
| 330 | @a本书遵循该教材2015年修订版的章目编排,分为12章,每章由三部分组成:第一部分为复习笔记(含知识框架),总结本章的重难点内容;第二部分为课(章)后习题详解,对该教材的所有习题都进行了详细的分析和解答;第三部分为考研真题详解,精选部分名校近年的考研真题,并提供了详细的参考答案。 | |
| 606 | 0 | @a毛泽东思想@x硕士生入学考试@j升学参考资料 |
| 606 | 0 | @a中国特色社会主义@x硕士生入学考试@j升学参考资料 |
| 690 | @aA84@v5 | |
| 690 | @aD616@v5 | |
| 711 | 02 | @a圣才考研网@Asheng cai kao yan wang@4主编 |
| 801 | 2 | @aCN@b辽宁北配@c20231205 |
| 905 | @aZUCC@dA84@e44=2 | |
| 《毛泽东思想和中国特色社会主义理论体系概论》笔记和课后习题(含考研真题)详解/圣才考研网主编.-2版.-北京:中国石化出版社,2017 |
| 261页;26cm |
| 国内外经典教材辅导系列·政治类/圣才考研网主编 |
| ISBN 978-7-5114-4483-7:CNY 52.00 |
| 本书遵循该教材2015年修订版的章目编排,分为12章,每章由三部分组成:第一部分为复习笔记(含知识框架),总结本章的重难点内容;第二部分为课(章)后习题详解,对该教材的所有习题都进行了详细的分析和解答;第三部分为考研真题详解,精选部分名校近年的考研真题,并提供了详细的参考答案。 |
| ● |
| 相关链接 |
|
|
|
正题名:《毛泽东思想和中国特色社会主义理论体系概论》笔记和课后习题(含考研真题)详解
索取号:A84/44=2
 
预约/预借
| 序号 | 登录号 | 条形码 | 馆藏地/架位号 | 状态 | 备注 |
| 1 | 2001545178 | 2001545178 | 第四书库/117/ [索取号:A84/44=2] | 在馆 | |
| 2 | 2001545179 | 2001545179 | 第四书库/117/ [索取号:A84/44=2] | 在馆 | |
| 3 | 2001545180 | 2001545180 | 第四书库/117/ [索取号:A84/44=2] | 在馆 | |
| 4 | 2001545181 | 2001545181 | 第四书库/117/ [索取号:A84/44=2] | 在馆 | |
| 5 | 2001545182 | 2001545182 | 第四书库/117/ [索取号:A84/44=2] | 在馆 | |
| 6 | 2001545183 | 2001545183 | 第四书库/117/ [索取号:A84/44=2] | 在馆 |